00458 2200181 4500001002100000005001500021035002000036008004100056245005800097100002000155250000600175260003500181300001200216084001400228082000800242650001400250990001200264INLIS00000000000007820240502103402 a0010-0424000054240502 0 ind 1 aBuku Guru Geografi XII Edisi Revisi /cNurul Khotimah aKhotimah, Nurul a1 aKlaten :bCempaka Putih,c2014 a190 hlm a900 NUR g a900 4aNon Fiksi a0736993